Responses for Show #3210 - Friday, July 10, 1998

Contestants

[<< previous game]

Roxanne Crocco, a graduate student from Powell, Ohio

Mark Fields, an art center director from Collingswood, New Jersey

Lore Guilmartin, a residence hall director from College Station, Texas (whose 1-day cash winnings total $9,200)

[next game >>]

Jeopardy! Round responses

MILTON
BERLE
CAR MODELS
BACK TO LISBON
"DOUBLE" OR "NOTHING"
FACIAL EXPRESSIONS
    $100 16
Paradise Lost

Lore
    $100 6
Charlie Chaplin

Mark
    $100 21
Honda

Roxanne
    $100 17
centavo

Lore
    $100 11
nothing ventured

Mark
    $100 1
your nose

Roxanne
    $200 26
divorce

Lore
    $200 7
a telethon

Mark
    $200 22
Toyota

Roxanne
    $200 18
(Mark: Who is Marco Polo?)

Vasco da Gama

Mark
Triple Stumper
    $200 12
a Daily Double (on Jeopardy!)

Mark
    $200 2
eyes

Lore
    $300 27
Samson

Lore
    $500 8
[Sgt. Bilko]

Phil Silvers

Mark
    $300 23
Chevrolet

Mark
    $300 19
streetcars

Lore
    $300 13
a double-edged sword

Roxanne
    $300 3
ears

Roxanne
    $400 28
Galileo

Lore
    $400 9
Broadway Danny Rose

Roxanne
    $400 24
Cadillac

Lore
    $400 20
the Moors

Roxanne
    $400 14
signifying nothing

Roxanne
    $400 4
cheek

Lore
    $500 30
stand and wait

Roxanne
    $500 10
Tuesday ("Mr. Tuesday Night")

Roxanne
    $500 25
Dodge

Roxanne
    $500 29
TAP

Triple Stumper
    $500 15
a double entendre

Mark
    $500 5
your brow

Lore

Scores at the first commercial break (after clue 15):

Lore Mark Roxanne
$1,100 $1,600 $2,000

Scores at the end of the Jeopardy! Round:

Lore Mark Roxanne
$2,900 $1,700 $3,700

Double Jeopardy! Round responses

CLASSICAL MUSICIANS
STAG FILMS
OXYMORONS
I'M FROM MISSOURI -- SHOW ME!
WHAT AM I AFRAID OF?
GEORGE WASHINGTON SLEPT HERE
    $200 1
Itzhak Perlman

Roxanne
    $200 2
the Grinch

Lore
    $200 15
"Good Grief"

Lore
    $200 3
Bess Truman

Mark
    $200 20
fear of meat

Roxanne
    $200 25
(Mark: What is Richmond?)
(Lore: What is Alexandria?)

Williamsburg

LoreMark
Triple Stumper
    $400 8
John Williams

Mark
    $400 11
Godzilla

Lore
    $400 16
freezer burn

Triple Stumper
    $400 4
Robert Guillaume

Mark
    $400 21
(Mark: What is fear of words?)

fear of bugs (or insects)

MarkRoxanne
    $400 26
Wakefield

Lore
    $600 9
David Helfgott

Mark
    $600 12
The Deer Hunter

Roxanne
    $600 17
virtual reality

Lore
    $600 5
Jesse James

Mark
    $600 22
fear of France (or of French things)

Roxanne
    $1,000 27
Alexandria

Lore
    $800 10
Albert Schweitzer

Roxanne
    $800 13
The Yearling

Lore
    $1,000 18
(Lore: What is reasonable speed?)

all deliberate speed

Lore
    $800 6
T.S. Eliot

Lore
    $800 23
fear of being frozen (or of ice)

Mark
    $800 28
New York City

Roxanne
    $1000 24
(Lore: Who is Shostakovich?)
(Mark: Who is Stravinsky?)
(Roxanne: Who is Tchaikovsky?)

Vladimir Horowitz

LoreMarkRoxanne
Triple Stumper
    $1000 14
The Deerslayer

Lore
    $1000 19
(Mark: What is Liberal Progressive?)

Progressive Conservative

Mark
Triple Stumper
    $1000 7
Josephine Baker

Mark
    $1000 30
fear of pleasure

Roxanne
    $1000 29
Philadelphia

Mark

Scores at the end of the Double Jeopardy! Round:

Lore Mark Roxanne
$6,100 $4,100 $7,300

[wagering suggestions for these scores]

Final Jeopardy! Round responses

1980s BESTSELLERS
(Alex: Think back to the books you were reading in the '80s.)
(Alex: In the movie, the frigate became a nuclear submarine.)
MarkWhat is Polar Star?
$4,100
LoreWhat is the Hunt for Red October?
$5,000
RoxanneWhat is the Hunt for Red October?
$4,900
The Hunt for Red October

Final scores:

Lore Mark Roxanne
$11,100 $0 $12,200
2nd place: Trip to Holiday Inn Montego Bay Beach Resort, Jamaica 3rd place: Motorola StarTac 6000 Cellular Phone New champion: $12,200

Game dynamics:

Coryat scores:

Lore Mark Roxanne
$6,700 $3,900 $7,300
19 R
(including 1 DD),
3 W
(including 1 DD)
15 R
(including 1 DD),
5 W
19 R,
1 W

Combined Coryat: $17,900

[game clues] [game scores] [suggest correction]

Game tape date: 1998-04-13
The J! Archive is created by fans, for fans. Scraping, republication, monetization, and malicious use prohibited; this site may use cookies and collect identifying information. See terms. The Jeopardy! game show and all elements thereof, including but not limited to copyright and trademark thereto, are the property of Jeopardy Productions, Inc. and are protected under law. This website is not affiliated with, sponsored by, or operated by Jeopardy Productions, Inc. Join the discussion at JBoard.tv.